Online
Catalog

Impresiones de un hombre de buena fe : (Record no. 18906)

MARC details
000 -CABECERA
campo de control de longitud fija 01074cam a2200277 a 4500
001 - NÚMERO DE CONTROL
campo de control 000019390
005 - FECHA Y HORA DE LA ÚLTIMA TRANSACCIÓN
campo de control 20200929170014.0
008 - DATOS DE LONGITUD FIJA--INFORMACIÓN GENERAL
campo de control de longitud fija 860916s1964 sp 001 0 spa d
040 ## - FUENTE DE LA CATALOGACIÓN
Centro catalogador/agencia de origen DO-SdBNP
Lengua de catalogación spa
Centro/agencia transcriptor MH
Centro/agencia modificador DLC
-- BNPHU
082 ## - NÚMERO DE LA CLASIFICACIÓN DECIMAL DEWEY
Número de clasificación 863.5
Número de documento/Ítem F363i
049 ## - FONDOS LOCALES (OCLC)
Fondos de biblioteca BNGR
100 1# - ENTRADA PRINCIPAL--NOMBRE DE PERSONA
Nombre de persona Fernández Flórez, Wenceslao,
Fechas asociadas al nombre 1885-1964
9 (RLIN) 22402
245 10 - MENCIÓN DE TÍTULO
Título Impresiones de un hombre de buena fe :
Resto del título (1914-1919) /
Mención de responsabilidad, etc. Wenceslao Fernández Flórez.
260 ## - PUBLICACIÓN, DISTRIBUCIÓN, ETC.
Lugar de publicación, distribución, etc. Madrid, (España) :
Nombre del editor, distribuidor, etc. Editorial Espasa-Calpe,
Fecha de publicación, distribución, etc. 1964.
300 ## - DESCRIPCIÓN FÍSICA
Extensión v ;
Dimensiones 18 cm.
490 1# - MENCIÓN DE SERIE
Mención de serie Austral. Amarilla: libros póliticos y documentos de la época
Designación de volumen o secuencia 1342
500 ## - NOTA GENERAL
Nota general Incluye índice de autores
500 ## - NOTA GENERAL
Nota general Volumen extra
505 0# - NOTA DE CONTENIDO CON FORMATO
Nota de contenido con formato 1. 1914-1919 -- 2. 1920-1936.
650 #4 - PUNTO DE ACCESO ADICIONAL DE MATERIA--TÉRMINO DE MATERIA
Término de materia o nombre geográfico como elemento de entrada Cuentos españoles
9 (RLIN) 3194
650 #4 - PUNTO DE ACCESO ADICIONAL DE MATERIA--TÉRMINO DE MATERIA
Término de materia o nombre geográfico como elemento de entrada Crónicas españolas
9 (RLIN) 41641
651 #4 - PUNTO DE ACCESO ADICIONAL DE MATERIA--NOMBRE GEOGRÁFICO
Nombre geográfico España
Subdivisión general Cortes
-- Congreso De Los Diputados
9 (RLIN) 41642
651 #4 - PUNTO DE ACCESO ADICIONAL DE MATERIA--NOMBRE GEOGRÁFICO
Nombre geográfico España
Subdivisión general Política Y Gobierno
Subdivisión cronológica 1886-1931.
9 (RLIN) 19195
830 #0 - PUNTO DE ACCESO ADICIONAL DE SERIE-TÍTULO UNIFORME
Título uniforme Austral.
Nombre de parte o sección de la obra Amarilla: libros póliticos y documentos de la época
Designación de volumen o secuencia 1342
9 (RLIN) 41643
910 ## - DATOS DE OPCIÓN DEL USUARIO (OCLC)
Datos de opción del usuario Catalogación derivada / LC
Holdings
Estado de retiro Estado de pérdida Restricciones de uso No para préstamo Código de colección Localización permanente Ubicación/localización actual Ubicación en estantería Fecha de adquisición Número de inventario Total de préstamos Signatura topográfica completa Código de barras Fecha visto por última vez Precio válido a partir de Tipo de ítem Koha
        Monografías: Libros y Folletos General General En catalogación 28.06.2010 LF1   863.5 F363i 19390-10 25.06.2020 25.06.2020 Préstamo en sala

Powered by Koha